History Quiz

Random History or Clickable Quiz

Three-Named Historical Figures by Initials Quiz Stats

 Plays Quiz Updated Feb 20, 2018

Score 0/20 Timer 05:00
3 Plays Today
% Correct
MLK
94.6%
JFK
94.4%
AGB
89.3%
JWB
84.9%
BJK
82.3%
LHO
81%
FSK
70.9%
GWC
69.8%
HBS
69.4%
JQA
68.8%
% Correct
SDO
67.9%
JFD
66.4%
WAM
59.4%
NDT
58.9%
JPJ
52%
FLW
51%
WJB
47.7%
JJA
42.8%
OWH
36.8%
JKG
33%

You're not logged in!

Compare scores with friends on all Sporcle quizzes.
OR
Log In

Sporcle TV

Today on Sporcle TV


Watch our educational content, quiz creation guides, and fun videos on Sporcle TV.

Show Comments

Extras

Top Quizzes Today


Score Distribution

Your Account Isn't Verified!

In order to create a playlist on Sporcle, you need to verify the email address you used during registration. Go to your Sporcle Settings to finish the process.

Report this User

Report this user for behavior that violates our Community Guidelines.

Details: